<?xml version="1.0" encoding="UTF-8"?>
<record
    xmlns:xsi="http://www.w3.org/2001/XMLSchema-instance"
    xsi:schemaLocation="http://www.loc.gov/MARC21/slim http://www.loc.gov/standards/marcxml/schema/MARC21slim.xsd"
    xmlns="http://www.loc.gov/MARC21/slim">

  <leader>03543nam a2200289Ka 4500</leader>
  <controlfield tag="001">000001580</controlfield>
  <controlfield tag="005">20200929145627.0</controlfield>
  <controlfield tag="008">090623s2000    ve            001 0 spa d</controlfield>
  <datafield tag="020" ind1=" " ind2=" ">
    <subfield code="a">9802763217</subfield>
  </datafield>
  <datafield tag="020" ind1=" " ind2=" ">
    <subfield code="a">9789802763214</subfield>
  </datafield>
  <datafield tag="040" ind1=" " ind2=" ">
    <subfield code="a">DO-SdBNP</subfield>
    <subfield code="b">spa</subfield>
    <subfield code="c">BNPHU</subfield>
  </datafield>
  <datafield tag="090" ind1=" " ind2=" ">
    <subfield code="a">VE 861.44</subfield>
    <subfield code="b">L431</subfield>
  </datafield>
  <datafield tag="100" ind1="1" ind2=" ">
    <subfield code="a">Lazo Mart&#xED;, Francisco,</subfield>
    <subfield code="d">1869-1909</subfield>
    <subfield code="9">5172</subfield>
  </datafield>
  <datafield tag="245" ind1="1" ind2="0">
    <subfield code="a">Poes&#xED;a /</subfield>
    <subfield code="c">Francisco Lazo Mart&#xED; ; selecci&#xF3;n Jos&#xE9; Ram&#xF3;n Medina, Carlos C&#xE9;sar Rodr&#xED;guez ; pr&#xF3;logo y cronolog&#xED;a Carlos C&#xE9;sar Rodr&#xED;guez ; bibliograf&#xED;a Mar&#xED;a Beatriz Medina, Carlos C&#xE9;sar Rodr&#xED;guez.</subfield>
  </datafield>
  <datafield tag="260" ind1=" " ind2=" ">
    <subfield code="a">Caracas :</subfield>
    <subfield code="b">Biblioteca Ayacucho,</subfield>
    <subfield code="c">2000.</subfield>
  </datafield>
  <datafield tag="300" ind1=" " ind2=" ">
    <subfield code="a">xliii, 103 p. ;</subfield>
    <subfield code="c">25 cm.</subfield>
  </datafield>
  <datafield tag="490" ind1="1" ind2=" ">
    <subfield code="a">Biblioteca Ayacucho ;</subfield>
    <subfield code="v">219</subfield>
  </datafield>
  <datafield tag="500" ind1=" " ind2=" ">
    <subfield code="a">Incluye cronolog&#xED;a biogr&#xE1;fica del autor: p. 89-98</subfield>
  </datafield>
  <datafield tag="500" ind1=" " ind2=" ">
    <subfield code="a">Publicaci&#xF3;n en homenaje al centenario de Silva Criolla (1901-2001).</subfield>
  </datafield>
  <datafield tag="504" ind1=" " ind2=" ">
    <subfield code="a">Incluye referencias bibliogr&#xE1;ficas : p. 101-104</subfield>
  </datafield>
  <datafield tag="505" ind1="0" ind2=" ">
    <subfield code="a">Pr&#xF3;logo / Carlos C&#xE9;sar Rodr&#xED;guez -- Criterio de esta edici&#xF3;n -- Silva Criolla a un bardo amigo -- Crepusculares -- En estas horas crepusculares -- Cielo azul, verde pampa, claro r&#xED;o -- A trav&#xE9;s del discreto claro-oscuro -- "Mira" -le dijo-, y bosquej&#xF3; su dedo -- En amar un color cifras tu anhelo -- Hermanos por costumbre un tiempo fuimos -- Unos aman tus ojos por que dicen -- Ya no vienen a ti los que de hinojos -- Blanca y pulida la combada frente -- Cuando a mirarla revolv&#xED; mis huellas -- Baja la gota sobre el estambre -- Queriendo alegre celebrar sus bodas -- "Nos vamos a casar", dice Maruja -- &#xA1;Esc&#xFA;chame, aqu&#xED; estoy! del rayo herido -- Milagro del amor, sobre los nidos -- &#xA1;T&#xFA; sufres, mi esperanza! De tu duelo -- &#xA1;Oh cu&#xE1;nta luz en los cristianos templos! -- No sabe el coraz&#xF3;n porque palpita -- Posan de nuevo en el play&#xF3;n lejano -- &#xA1;Nadie clam&#xF3; piedad! rudo y violento -- Aqu&#xED;, junto a las aguas del recodo -- Detr&#xE1;s: la margen del sagrado r&#xED;o -- Por ley eterna que el amor combina -- &#xBF;Por qu&#xE9; te quejas de que el sol airado -- El mundo es el gran circo sin salida -- Por fuerza inmaterial que amor entra&#xF1;a -- En las ramas del verde limonero -- Nadie en lo firme del pe&#xF1;asco crea -- Rubio ni&#xF1;o del m&#xF3;rbido contorno -- No hay t&#xE1;lamo m&#xE1;s bello que esa rama -- Rim&#xF3; de su pasi&#xF3;n versos divinos -- S&#xED;mbolo de piedad, en las quebradas -- A la mano implacable que le acosa -- Todo queda a la postre confundido -- Cuando todo es tinieblas en el cielo -- &#xA1;Tres a&#xF1;os han pasado! Y siempre viste -- Hay seres triste que el dolor abate -- Hay tristezas que viven en la sombra -- En luz crepuscular ya se amortaja -- Por pena impuesta a mi primer delito -- La vida es el contraste. No me asombra -- La vida inagotable de sus dones -- En vano es el ardor a que se entrega -- Tu fanal es virtud. El fanal tuyo -- Cada vez que resuelto he descendido -- &#xA1;Tu vida, trovador, breve termina! -- OTROS POEMAS -- Vespertina -- Almas en pena -- ...</subfield>
  </datafield>
  <datafield tag="505" ind1="0" ind2=" ">
    <subfield code="a">... Visi&#xF3;n postrera -- Cual orores maduros -- Amor sorprendido -- Flor del camino -- Consuelo -- Acuarela -- Flor de pascua -- Fidelidad -- Himno eterno -- &#xA1;Oh noche! -- Melancol&#xED;a -- Hojas de hiedra -- Crep&#xFA;sculo -- Canci&#xF3;n de las olas -- La bandera de la patria -- Veguera -- Estival -- De primavera -- Invierno -- Patria la mestiza -- Destinos : I.El Coleador -- II.El Cantador -- Cronolog&#xED;a -- Bibliograf&#xED;a.</subfield>
  </datafield>
  <datafield tag="700" ind1="1" ind2=" ">
    <subfield code="a">Rodr&#xED;guez, Carlos C&#xE9;sar,</subfield>
    <subfield code="e">pr&#xF3;l.</subfield>
    <subfield code="9">5173</subfield>
  </datafield>
  <datafield tag="700" ind1="1" ind2=" ">
    <subfield code="a">Medina, Jos&#xE9; Ram&#xF3;n.</subfield>
    <subfield code="9">5174</subfield>
  </datafield>
  <datafield tag="700" ind1="1" ind2=" ">
    <subfield code="a">Medina, Mar&#xED;a Beatriz.</subfield>
    <subfield code="9">5175</subfield>
  </datafield>
  <datafield tag="830" ind1=" " ind2="0">
    <subfield code="a">Biblioteca Ayacucho ;</subfield>
    <subfield code="n">219</subfield>
    <subfield code="9">5176</subfield>
  </datafield>
  <datafield tag="952" ind1=" " ind2=" ">
    <subfield code="0">0</subfield>
    <subfield code="1">0</subfield>
    <subfield code="5">0</subfield>
    <subfield code="7">1</subfield>
    <subfield code="8">MO</subfield>
    <subfield code="a">GR</subfield>
    <subfield code="b">GR</subfield>
    <subfield code="c">HD</subfield>
    <subfield code="d">2009-09-22</subfield>
    <subfield code="i">LF1</subfield>
    <subfield code="l">0</subfield>
    <subfield code="o"> </subfield>
    <subfield code="p">1580-10</subfield>
    <subfield code="r">2020-06-25</subfield>
    <subfield code="w">2020-06-25</subfield>
    <subfield code="y">1</subfield>
    <subfield code="Z">No se presta</subfield>
  </datafield>
  <datafield tag="999" ind1=" " ind2=" ">
    <subfield code="c">1476</subfield>
    <subfield code="d">1476</subfield>
  </datafield>
</record>
